000
00286nam a2200121Ia 4500
100
_a
Verma/ J.S./ Kazim/ Amir
942
_c
BK
654
_a
Calculations
245
_a
I.T.I. W/Shop calculation & science
260
_b
Kazim prakashan
_a
Kanpur
_c
1978
300
_a
86
546
_a
ENGLISH
999
_c
33855
_d
33855